LEADER 01276nam a2200289 a 4500 001 000000140353 003 CaOOAMICUS 005 20141106100703.0 008 141106s1983 it u000 u ita r 040 $aPUL$bita 041 0 $aita$afre 082 04$a945.04 245 00$aAspetti e problemi della presenza ebraica nell'Italia centro-settentrionale :$b(secoli XIV e XV) 260 $aRoma :$b[s.n.],$c1983. 300 $a382 p. ;$c21 cm 490 1 $aQuaderni dell'Istituto di scienze storiche dell'Universitą di Roma ;$v02 504 $aBibliografia in nota. 546 $aContributi in italiano e francese. 650 4$aEbrei$zItalia$ySec. XIV-XV.$0(OLS)http://pul/subject/40893 830 0$aQuaderni dell'Istituto di scienze storiche dell'Universitą di Roma ;$v02.$0(OLS)http://pul/title/177660 850 $aPUL 852 $aPUL$W1$xDP2 Filosofia 3$y112$m945. 04 BOESO 1$j162173$qDDC 21$B161655$CPULBib$Z2$F161655 $H124852 $82 941 1 $a9 996 $6082$a945.04$9(OLS)http://pul/classification/1972 996 $6245$aAspetti e problemi della presenza ebraica nell'Italia centro-settentrionale :$b(secoli XIV e XV)$9(OLS)http://pul/title/177659 996 $6260$aRoma :$b[s.n.]$9(OLS)http://pul/publisher/47958 LEADER 01141nam a2200277 a 4500 001 000000173299 003 CaOOAMICUS 005 20200221143934.0 006 a 000 u 008 200221s2019 it 000 u ita r 020 $a978-88-921-1878-2* 032 $aLibriCat 040 $aPUL$bita 245 00$aDiritto delle comunicazioni /$cGiovanni Bruno (a cura di) 260 $aTorino :$bGiappichelli,$c©2019. 300 $aXIV, 511 p.;$c24 cm 650 4$aInternet$xDiritto e legislazione$zItalia.$0(OLS)http://pul/subject/35257 650 4$aComunicazioni di massa$xAspetti legislativi.$0(OLS)http://pul/subject/33775 650 04$aMezzi di comunicazione.$0(OLS)http://pul/subject/14814 850 $aPUL 852 $aPUL$W1$xSL Diritto e Scienze Sociali 3$y79$m343. 4509 BRUGI 1$j197280$qDDC 21$B202066$CPULBib$Z2$F202066 $H133977 $82 941 1 $a9 996 $6020$a978-88-921-1878-2*$9(OLS)http://pul/number/167296 996 $6245$aDiritto delle comunicazioni$9(OLS)http://pul/title/214434 996 $6260$aTorino :$bGiappichelli$9(OLS)http://pul/publisher/48244